000 01848cam a22004694i 4500
003 PE-LiUPU
005 20250731173300.0
008 150625s r 000 0 d
035 _a(Sirsi) a36054
040 _aPE-LiUPU
_bspa
_cPE-LiUPU
_erda
082 0 4 _a220.56
_bB16
_221
130 _aBiblia.
_lPortugués.
_f1954.
242 0 3 _aLa Sagrada Biblia que incluye el Antiguo y el Nuevo Testamento traducidos a los textos originales hebreo y griego
245 0 0 _aBiblia Sagrada /.
264 1 _aBarueri :
_bSociedades Biblicas Unidas,
_c[1954].
300 _a1191 páginas ;
_c18 cm.
336 _atext
_2rdacontent
337 _aunmediated
_2rdamedia
338 _avolume
_2rdacarrier
505 0 _aBiblia en idioma portugués.
526 _aSEG42
526 _aSEG41
526 _aSEG40
526 _aSEG39
526 _aP94
526 _aP87
526 _aP86
526 _aP85
526 _aP77
526 _aP76
526 _aP35
630 0 4 _aBiblia.
_lPortugués.
_f1954.
910 _baj
_cnm
_d20050513
942 _2ddc
_cBOOK
949 _a220.56 B16
_wDEWEY
_c1
_i55149
_lCCODEBUL1
_mBUL
_p20
_r0
_sY
_tBOOK
_u2015-06-25
_xTEOLOGIA
_zUNKNOWN
_0COMPRA
_o.STAFF. Colección General
949 _a220.56 B16
_wDEWEY
_c2
_i64086
_lCCODEBUL1
_mBUL
_p30
_r0
_sY
_tBOOK
_u2015-06-25
_xBIBLIOTECA
_zUNKNOWN
_0COMPRA
_o.STAFF. Colección General
596 _a1
999 _a220.56 B16
_wDEWEY
_c44085
_i55149
_d44085
_e2019-5-21
_f2021-11-9
_g5
_lCCODEBUL1
_mBUL
_n24
_q10
_r0
_sY
_tBOOK
_u2015-6-25
_xTEOLOGIA
_zUNKNOWN
_0COMPRA
_o.STAFF. Colección General
999 _a220.56 B16
_wDEWEY
_c2
_i64086
_lLOST
_mBUL
_r1
_sY
_tBOOK
_u2015-6-25
_xTEOLOGIA
_zUNKNOWN
_0COMPRA
_o.STAFF. Colección General
980 _81
_gALBERTO SANCHEZ Responsable de Automatización